00597 2200217 4500001002100000005001500021035002000036007000300056008004100059020001800100082001100118084001700129100002800146245004200174260002700216300004400243650003100287700002000318856003000338990001100368INLIS00000000000023120231108094951 a0010-1123000014ta231108 g 0 ind  a979-736-658-8 a633.84 a633.84 JUA l0 aDede Juanda Jayasamudra1 aLada :bTeknik budidaya dan pascpanen aSemarang :bAneka Ilmu avi,; 153 hlm :billus, ;c15 cm x 21 cm 4alada, budidaya, pascapanen0 aBambang Cahyono aperpustakaan bpsip sumbar a953/20